Normal view MARC view
  • Allendoerfer, Carl B

Entry Personal Name

Number of records used in: 1

001 - CONTROL NUMBER

  • control field: 102523

003 - CONTROL NUMBER IDENTIFIER

  • control field: NUST

005 - DATE AND TIME OF LATEST TRANSACTION

  • control field: 20221110133802.0

008 - FIXED-LENGTH DATA ELEMENTS

  • fixed length control field: 221110|| aca||aabn | a|a d

040 ## - CATALOGING SOURCE

  • Original cataloging agency: NUST
  • Transcribing agency: NUST

100 ## - HEADING--PERSONAL NAME

  • Personal name: Allendoerfer, Carl B

670 ## - SOURCE DATA FOUND

  • Source citation: Work cat.: (NUST)182038: Allendoerfer, Carl B., Elementary functions / , c1977.
© 2023 Central Library, National University of Sciences and Technology. All Rights Reserved.